| 000 | 00517nam a22001337a 4500 | ||
|---|---|---|---|
| 082 | _aMSEE-4 | ||
| 100 |
_aAamir Gulistan _998876 |
||
| 245 | _aSelf-Phase modulation based multiple carrier generation for radio over fiber duplex baseband communication | ||
| 260 |
_aIslamabad _bNUST-SEECS _c2014 |
||
| 300 |
_a66 _b27cm.+ _eCD-ROM |
||
| 500 | _aSupervisors:Dr. Salman Abdul Ghafoor, Dr. Usman Younis, Dr. Adnan Khalid, Dr. Rizwan Ahmad | ||
| 856 | _uhttp://10.250.8.41:8080/xmlui/handle/123456789/9367 | ||
| 942 |
_cPR _2ddc |
||
| 999 |
_c13148 _d13148 |
||